000
00342 a2200157 4500
001
46616
020
_a
9788575031308
040
_c
Anchieta - Aquarius
100
_a
Laura
240
1
0
_a
Novos brasileirinhos
_l
por
245
1
0
_a
Novos brasileirinhos
300
_a
36
362
0
_a
2002
650
4
_a
Literatura infanto-juvenil
942
_c
BK
999
_c
46616
_d
46616